| 000 | 00691nam a2200253Ia 4500 | ||
|---|---|---|---|
| 001 | dia_3303 | ||
| 003 | CHAP | ||
| 005 | 20251023164350.0 | ||
| 008 | 220117s1991 xx 000 0 und d | ||
| 010 | _a173779 | ||
| 040 | _cCHAP | ||
| 082 | _a614.31 P7Y | ||
| 100 |
_aPreub, Bodo _991555 |
||
| 245 |
_aFundamentos de la Inspeción de la Carne / _c por Bodo Preub |
||
| 260 |
_aZaragoza, España : _b Acribia, _c1991 |
||
| 300 | _a219 P. | ||
| 500 | _aMaterial Fotocopiado | ||
| 503 | _aI.167081 | ||
| 650 |
_a1.Carne _xInspección _9154459 |
||
| 901 | _a614.31 P7Y | ||
| 902 | _aM | ||
| 905 | _a0000001991 SP a 0100000000SPA00 | ||
| 942 |
_cLIBRO _2ddc |
||
| 999 |
_c173779 _d173779 |
||